Learning framework for early childhood development / (Record no. 12753)
[ view plain ]
| 000 -LEADER | |
|---|---|
| fixed length control field | 00933nam a22002297a 4500 |
| 001 - CONTROL NUMBER | |
| control field | 12753 |
| 005 - DATE AND TIME OF LATEST TRANSACTION | |
| control field | 20251208065106.0 |
| 008 - FIXED-LENGTH DATA ELEMENTS--GENERAL INFORMATION | |
| fixed length control field | 240726b |||||||| |||| 00| 0 eng d |
| 020 ## - INTERNATIONAL STANDARD BOOK NUMBER | |
| International Standard Book Number | ?? |
| 040 ## - CATALOGING SOURCE | |
| Original cataloging agency | BSULIB |
| Transcribing agency | BSULIB |
| Modifying agency | BSULIB |
| 082 ## - DEWEY DECIMAL CLASSIFICATION NUMBER | |
| Edition number | 22 |
| Classification number | 305.23 |
| Item number | LEA |
| 110 ## - MAIN ENTRY--CORPORATE NAME | |
| Corporate name or jurisdiction name as entry element | NCDC |
| Date of meeting or treaty signing | NCDC 2005 |
| 9 (RLIN) | 26142 |
| 245 ## - TITLE STATEMENT | |
| Title | Learning framework for early childhood development / |
| 250 ## - EDITION STATEMENT | |
| Edition statement | 1st ed. |
| 260 ## - PUBLICATION, DISTRIBUTION, ETC. (IMPRINT) | |
| Place of publication, distribution, etc | Kampala, Uganda : |
| Name of publisher, distributor, etc | National curriculum development center , |
| Date of publication, distribution, etc | 2005. |
| 300 ## - PHYSICAL DESCRIPTION | |
| Extent | viii, 68 p. ; |
| Dimensions | 24 cm. |
| 500 ## - GENERAL NOTE | |
| General note | (3 - 6 years of age). |
| 505 ## - FORMATTED CONTENTS NOTE | |
| Formatted contents note | 1. Relating with others in an acceptable way 2. Interacting, exploring, knowing and using my environment 3. Taking care of myself for proper growth and development 4. Developing and using mathematical concepts in my day -to- day experiences 5. Developing and using my language appropriately |
| 650 ## - SUBJECT ADDED ENTRY--TOPICAL TERM | |
| Source of heading or term | childhood development |
| 650 ## - SUBJECT ADDED ENTRY--TOPICAL TERM | |
| Source of heading or term | Literacy |
| 942 ## - ADDED ENTRY ELEMENTS (KOHA) | |
| Source of classification or shelving scheme | Dewey Decimal Classification |
| Item type | Books |
| Withdrawn status | Lost status | Source of classification or shelving scheme | Damaged status | Not for loan | Home library | Current library | Shelving location | Date acquired | Source of acquisition | Inventory number | Total Checkouts | Full call number | Barcode | Date last seen | Copy number | Price effective from | Koha item type | Public note |
|---|---|---|---|---|---|---|---|---|---|---|---|---|---|---|---|---|---|---|
| Dewey Decimal Classification | Main Library | Main Library | Reserve Book Section | 01/08/2024 | Purchase | 35622 | 305.23 LEA | bsu24080027 | 01/08/2024 | 001 | 01/08/2024 | Books | Material available in hard copy | |||||
| Dewey Decimal Classification | Main Library | Main Library | Reserve Book Section | 01/08/2024 | Purchase | 35623 | 305.23 LEA | bsu24080028 | 01/08/2024 | 002 | 01/08/2024 | Books | Material available in hard copy | |||||
| Dewey Decimal Classification | Main Library | Main Library | Reserve Book Section | 01/08/2024 | Purchase | 35621 | 305.23 LEA | bsu24080029 | 01/08/2024 | 003 | 01/08/2024 | Books | Material available in hard copy |